| 000 | 00611cam a2200217 a 4500 | ||
|---|---|---|---|
| 999 |
_c7826 _d7826 |
||
| 001 | 1958 | ||
| 003 | BD-DhUAP | ||
| 005 | 20210202111618.0 | ||
| 008 | 210202s1991 cau 000 0 eng | ||
| 010 | _a 90084924 | ||
| 020 | _a1560520949 (pbk.) | ||
| 040 |
_aDLC _cDLC _dBD-DhUAP _beng |
||
| 082 |
_223 _a808.042 BON |
||
| 100 | 1 | _aBonet, Diana. | |
| 245 | 1 | 0 |
_aClear writing : _ba step-by-step guide / _cDiana Bonet. |
| 260 |
_aLos Altos, Calif. : _bCrisp Publications, _cc1991. |
||
| 300 |
_a110 pages ; _c26 cm. |
||
| 650 | 0 | _aBusiness writing. | |
| 650 | 0 |
_aEnglish language _xRhetoric. |
|
| 942 |
_2ddc _cBK |
||